[Event "Stay Safe Play From Home 202"]
[Site "T#646585Emanuel Laske"]
[Date "2020.06.05"]
[Round "4"]
[White "Mepe_Nika"]
[Black "Justwatch"]
[Result "1-0"]
[WhiteElo "2304"]
[BlackElo "1782"]
[Annotator "TA"]
[PlyCount "45"]
[EventDate "2020.06.05"]
[EventType "swiss (blitz)"]

{[%evp 10,45,1,0,29,21,58,56,89,81,83,61,66,30,30,30,32,35,32,29,156,134,138,81,201,217,205,189,293,290,316,289,294,271,274,288,612,598]} 1. d4 Nf6 2. Bf4 d6 3. e3 g6 4. Nf3 Bg7 5. Be2 O-O 6. O-O Bg4 {A48: 1 d4 Nf6 2 Nf3 g6: Torre, London and Colle Systems.} 7. Nbd2 {[#]} Bxf3 $146 ({Predecessor:} 7... Nbd7 8. h3 Bxf3 9. Nxf3 Re8 10. Re1 e5 11. Bh2 Qe7 12. dxe5 dxe5 13. c3 Red8 14. Qb3 {0-1 (38) Amarilla Jara,L (1170)-Alvarez Angel,N (1894) Cochabamba 2017}) 8. Bxf3 d5 {White is slightly better.} 9. c4 c6 10. h3 Nbd7 11. Rb1 dxc4 12. Nxc4 Nb6 13. Qc2 Nxc4 14. Qxc4 Qa5 {[#]} (14... Nd5 $11) 15. b4 $1 $36 {[%cal Rb4a5][%mdl 2048] White is really pushing.} Qa4 {[#]} 16. Qb3 ({White should play} 16. Qc5 $1) 16... Qb5 (16... Qxb3 $16 {was worth a try.} 17. Rxb3 (17. axb3 a6 $11) 17... a6) 17. a4 $18 Qf5 18. b5 cxb5 (18... Nd5 {was called for.}) 19. Qxb5 b6 20. Qxf5 gxf5 21. Bxa8 Rxa8 22. Rfc1 a6 $2 (22... Nd5 23. Bh2 h5) 23. Rxb6 {Accuracy: White = 82%, Black = 35%.} 1-0

[Event "Stay Safe Play From Home 202"]
[Site "T#646585Emanuel Laske"]
[Date "2020.06.05"]
[Round "4"]
[White "SoulofWolf"]
[Black "SecantFX"]
[Result "0-1"]
[WhiteElo "2148"]
[BlackElo "1829"]
[Annotator "TA"]
[PlyCount "56"]
[EventDate "2020.06.05"]
[EventType "swiss (blitz)"]

{[%evp 9,55,46,50,26,43,24,86,25,39,24,25,-8,3,-1,4,0,0,-48,-56,-40,-47,-42,31,-47,-10,-78,-35,-41,0,-79,-60,-112,-103,-121,-86,-173,63,61,58,-561,0,0,0,-88,0,0,281,-29999]} 1. d4 b6 2. Nf3 Bb7 3. Nc3 Bxf3 4. exf3 {[#]} c6 $146 ({Predecessor:} 4... e6 5. Bc4 d5 6. Bb5+ c6 7. Bd3 Bd6 8. O-O Qh4 9. g3 Qh3 10. Ne2 e5 11. dxe5 Bxe5 {0-1 (22) Gora,M (800)-Zimmermann,J (1014) LSS email 2010}) 5. f4 e6 6. Bd3 {A40: Unusual replies to 1 d4.} d5 7. O-O Nf6 (7... g6 $11) 8. b3 (8. f5 $16) 8... Be7 9. Re1 O-O 10. f3 Nbd7 11. Bb2 Rc8 12. a4 c5 13. Ne2 c4 14. bxc4 dxc4 15. Be4 $1 a6 ({Better is} 15... Nb8 $15) 16. c3 (16. Bb7 $14) 16... Nd5 17. g3 (17. Bxd5 $11 exd5 18. Ng3) 17... Ne3 18. Qd2 Nd5 19. Bb1 (19. Qd1 $11 {remains equal.}) 19... Bd6 20. Qc2 ({White should try} 20. f5 $15) 20... g6 $17 21. Kf2 Qf6 22. Ng1 (22. Ba3 $17 {was necessary.} Bxa3 23. Rxa3) 22... Bxf4 $2 (22... b5 $19 23. axb5 axb5) 23. gxf4 $14 Nxf4 24. Qe4 $2 {[%mdl 8192] [#]} (24. Kf1 $14 {stays ahead.}) 24... Qh4+ $2 (24... Qg5 $1 $19 {[%cal Rg5g2] Hoping for ...Qg2+.} 25. Ke3 e5) 25. Kf1 $11 {And now Bc1 would win.} Nf6 $36 {[%mdl 2048] White is under pressure.} 26. Qe5 (26. Qe3 $11 {keeps the balance.}) 26... N6h5 ({Much worse is} 26... Nd7 $6 27. Qe3 $14) (26... Qxh2 $17 {[%csl Gf4][%cal Rh2g2]} 27. Re2 Qh4) 27. Bc1 Nh3 $2 {[%mdl 8192]} (27... f6 $11 {and Black is okay.} 28. Qe4 Qxh2 29. Bxf4 Nxf4) 28. Be4 $4 {[%mdl 8192] [#]} (28. Ra2 $18) 28... Qf2# {Accuracy: White = 33%, Black = 48%.} 0-1

[Event "Stay Safe Play From Home 202"]
[Site "T#646585Emanuel Laske"]
[Date "2020.06.05"]
[Round "4"]
[White "Castlingarrocco"]
[Black "XShot"]
[Result "0-1"]
[WhiteElo "2005"]
[BlackElo "2495"]
[Annotator "TA"]
[PlyCount "46"]
[EventDate "2020.06.05"]
[EventType "swiss (blitz)"]

{[%evp 9,46,20,60,52,79,41,56,36,36,28,29,25,64,14,22,0,17,22,77,38,46,-4,3,2,8,12,12,0,21,-28,-10,-18,4,-401,-223,-229,-232,-650,-624]} 1. d4 c6 2. e3 d6 3. f4 Nf6 4. Nf3 Bg4 5. Be2 {[#]} Bxf3 $146 ({Predecessor:} 5... Nbd7 6. c3 Qc7 7. Nbd2 O-O-O 8. Qc2 Nd5 9. Nb3 e5 10. Ng5 Bxe2 11. Qxe2 N7b6 {0-1 (32) Ottens,J (1417)-Wernsmann,R (1755) Germany 2010}) 6. Bxf3 {A40: Unusual replies to 1 d4.} e6 7. Qe2 Be7 8. Nd2 {White is slightly better.} O-O 9. c3 a5 10. e4 Na6 11. e5 Nd5 12. Ne4 dxe5 13. fxe5 Qc7 (13... c5 $11 {keeps the balance.}) 14. O-O c5 $1 15. Qf2 cxd4 16. cxd4 Rad8 17. Qg3 {Strongly threatening Bh6!} Kh8 18. Bg5 $36 {[%mdl 2048] Black is under pressure.} Qb6 19. Bxe7 Nxe7 20. Rad1 Nf5 21. Qg4 $2 {[%mdl 8192] [#]} (21. Qf2 $11) 21... Rxd4 (21... Ne3 $142 22. Qh4 Nxd1) 22. Rxd4 $19 Qxd4+ 23. Kh1 $2 (23. Nf2 Qxb2 24. Qc4) 23... Ne3 {[%mdl 64] Double Attack. Accuracy: White = 40%, Black = 65%.} 0-1

[Event "Stay Safe Play From Home 202"]
[Site "T#646585Emanuel Laske"]
[Date "2020.06.05"]
[Round "4"]
[White "Haris kollari 13"]
[Black "Leauacristi"]
[Result "1-0"]
[WhiteElo "1610"]
[BlackElo "1867"]
[Annotator "NA RC"]
[PlyCount "63"]
[EventDate "2020.06.05"]
[EventType "swiss (blitz)"]

1. e4 {[%emt 0:00:01]} c5 {[%emt 0:00:02]} 2. f4 {[%emt 0:00:01]} e6 {[%emt 0:00:01]} 3. Nf3 {[%emt 0:00:00]} a6 {[%emt 0:00:01]} 4. d4 {[%emt 0:00:01]} cxd4 {[%emt 0:00:01]} 5. Nxd4 {[%emt 0:00:00]} d6 {[%emt 0:00:01]} 6. Nc3 {[%emt 0:00:01]} Nf6 {[%emt 0:00:01]} 7. Be3 {[%emt 0:00:01]} Be7 {[%emt 0:00:01]} 8. Be2 {[%emt 0:00:01]} O-O {[%emt 0:00:01]} 9. g4 {[%emt 0:00:01]} b5 {[%emt 0:00:01]} 10. g5 {[%emt 0:00:01]} Nfd7 {[%emt 0:00:01]} 11. Bf3 {[%emt 0:00:01]} Bb7 {[%emt 0:00:01]} 12. Nce2 {[%emt 0:00:02]} Qc7 {[%emt 0:00:01]} 13. Ng3 {[%emt 0:00:01]} Nc6 {[%emt 0:00:01]} 14. c3 {[%emt 0:00:01]} Rad8 {[%emt 0:00:02]} 15. Qd2 {[%emt 0:00:01]} Na5 {[%emt 0:00:03]} 16. b3 {[%emt 0:00:04]} Rc8 {[%emt 0:00:04]} 17. Rc1 {[%emt 0:00:01]} Rfe8 {[%emt 0:00:03]} 18. O-O {[%emt 0:00:01]} d5 {[%emt 0:00:04]} 19. e5 {[%emt 0:00:02]} Nc6 {[%emt 0:00:03]} 20. h4 {[%emt 0:00:02]} Nxd4 {[%emt 0:00:01]} 21. cxd4 {[%emt 0:00:01]} Qb6 {[%emt 0:00:03]} 22. f5 {[%emt 0:00:04]} Rxc1 {[%emt 0:00:03]} 23. Rxc1 {[%emt 0:00:01]} exf5 {[%emt 0:00:02]} 24. Nxf5 {[%emt 0:00:01]} Bf8 {[%emt 0:00:02]} 25. h5 {[%emt 0:00:02]} Rc8 {[%emt 0:00:05]} 26. h6 {[%emt 0:00:02]} g6 {[%emt 0:00:03]} 27. Ng7 {[%emt 0:00:01]} Bxg7 {[%emt 0:00:01]} 28. hxg7 {[%emt 0:00:00]} Kxg7 {[%emt 0:00:01]} 29. Rxc8 {[%emt 0:00:03]} Bxc8 {[%emt 0:00:01]} 30. Bxd5 {[%emt 0:00:01]} Qc7 {[%emt 0:00:03]} 31. Qf2 {[%emt 0:00:01]} Bb7 {[%emt 0:00:02]} 32. Qxf7+ {[%emt 0:00:02] (Lag: Av=0.62s, max=1.4s)} 1-0

[Event "Stay Safe Play From Home 202"]
[Site "T#646585Emanuel Laske"]
[Date "2020.06.05"]
[Round "4"]
[White "Trotsky"]
[Black "Cubail"]
[Result "1-0"]
[WhiteElo "1605"]
[BlackElo "1371"]
[Annotator "NA RC"]
[PlyCount "47"]
[EventDate "2020.06.05"]
[EventType "swiss (blitz)"]

1. d4 {[%emt 0:00:02]} f5 {[%emt 0:00:01]} 2. e3 {[%emt 0:00:00]} Nf6 {[%emt 0:00:01]} 3. c4 {[%emt 0:00:01]} e6 {[%emt 0:00:01]} 4. Nc3 {[%emt 0:00:00]} c6 {[%emt 0:00:01]} 5. Bd3 {[%emt 0:00:01]} d5 {[%emt 0:00:01]} 6. Qc2 {[%emt 0:00:00]} Bb4 {[%emt 0:00:02]} 7. Nf3 {[%emt 0:00:01]} Ne4 {[%emt 0:00:02]} 8. Bd2 {[%emt 0:00:01]} Nxd2 {[%emt 0:00:02]} 9. Nxd2 {[%emt 0:00:01]} Nd7 {[%emt 0:00:03]} 10. Nf3 {[%emt 0:00:01]} Nf6 {[%emt 0:00:01]} 11. O-O-O {[%emt 0:00:01]} Ne4 {[%emt 0:00:06]} 12. Rdf1 {[%emt 0:00:03]} Bxc3 {[%emt 0:00:04]} 13. bxc3 {[%emt 0:00:01]} Qa5 {[%emt 0:00:01]} 14. Kb1 {[%emt 0:00:01]} Nxc3+ {[%emt 0:00:03]} 15. Ka1 {[%emt 0:00:02]} b5 {[%emt 0:00:09]} 16. c5 {[%emt 0:00:02]} b4 {[%emt 0:00:03]} 17. Nd2 {[%emt 0:00:05]} Ba6 {[%emt 0:00:05]} 18. Nb3 {[%emt 0:00:02]} Bxd3 {[%emt 0:00:03]} 19. Nxa5 {[%emt 0:00:03]} Bxc2 {[%emt 0:00:02]} 20. Rc1 {[%emt 0:00:04]} Ba4 {[%emt 0:00:03]} 21. f3 {[%emt 0:00:04]} Rb8 {[%emt 0:00:03]} 22. e4 {[%emt 0:00:01]} b3 {[%emt 0:00:02]} 23. Rxc3 {[%emt 0:00:01]} b2+ {[%emt 0:00:02]} 24. Kb1 {[%emt 0:00:01] Time (Lag: Av=0.31s, max=0.7s)} 1-0

[Event "Stay Safe Play From Home 202"]
[Site "T#646585Emanuel Laske"]
[Date "2020.06.05"]
[Round "5"]
[White "little champs"]
[Black "Mepe_Nika"]
[Result "0-1"]
[WhiteElo "2342"]
[BlackElo "2306"]
[Annotator "TA"]
[PlyCount "132"]
[EventDate "2020.06.05"]
[EventType "swiss (blitz)"]

{[%evp 16,132,-7,-9,-13,-28,0,-17,18,7,14,0,0,0,0,0,11,-33,-36,-36,-34,-65,-30,-44,-20,-25,-20,-32,-18,-24,-19,-26,-25,-41,-38,-41,-37,-37,-18,-52,-21,-29,0,-34,0,0,0,0,0,0,0,0,0,-20,0,-5,0,0,0,0,0,0,1741,1561,10079,7116,8242,6971,29975,29977,29979,29980,29982,29981,29982,29983,29983,29983,29983,29983,29983,29984,29984,29983,29983,29984,29984,29985,29985,29979,29986,29980,29989,-29986,-29986,-29987,-29988,-29989,-29990,-29991,-29992,-29995,-29993,-29993,-29993,-29994,-29993,-29993,-29993,-29996,-29994,-29994,-29995,-29996,-29996,-29997,-29998,-29998,-29997]} 1. d4 d5 2. e3 c6 3. Nf3 Nf6 4. Be2 Bf5 5. O-O e6 6. c4 Nbd7 7. Nc3 Bd6 8. b3 O-O 9. Bb2 Ne4 {D12: Slav Defence: 3 Nf3 Nf6 4 e3 Bf5.} 10. Rc1 h6 11. h3 {[#]} b6 $146 {The position is equal.} (11... Qf6 {looks sharper.} 12. Bd3 Rfd8 13. c5 Bc7 14. b4 Ng5) ({Predecessor:} 11... Ndf6 12. Nxe4 Nxe4 13. Ne5 Qg5 14. Bg4 f6 15. Bxf5 Qxf5 16. Nf3 Rf7 17. Qe2 Qh5 {0-1 (52) Frith,S (1539)-London,N (1682) Llandudno 2017}) 12. Nxe4 Bxe4 13. cxd5 cxd5 14. Bd3 Bxd3 15. Qxd3 Rc8 16. e4 dxe4 17. Qxe4 Nf6 18. Qh4 Bb8 19. Ne5 Bxe5 20. dxe5 Nd5 21. Qd4 Qd7 22. Rfd1 Rxc1 23. Rxc1 Rc8 24. Rd1 Rc2 25. Rd2 Rxd2 26. Qxd2 Qc6 27. Kh2 Qc5 28. Bd4 Qc6 29. Bb2 g5 30. h4 Nf4 {[%csl Gf4][%cal Rc6g2]} 31. f3 Qc5 32. Bd4 Qd5 33. hxg5 hxg5 34. Qe3 Ng6 35. Bb2 Nf4 36. Bc1 Qd1 37. Qd2 Qxd2 38. Bxd2 Kh7 $2 {[%mdl 8192] [#]} (38... Ng6 $11) 39. Bxf4 $1 $18 gxf4 {[%mdl 4096] Endgame [#] KP-KP} 40. Kh3 $1 Kg6 41. Kg4 f5+ 42. exf6 Kxf6 43. Kxf4 Kg6 44. Ke4 Kf6 45. f4 Kg6 46. g4 Kf7 47. f5 Kf6 48. fxe6 Kxe6 {K3P-KPP} 49. Kf4 Kf6 50. g5+ Kg6 51. Kg4 Kf7 52. b4 Kg7 53. Kf5 b5 54. a4 $4 {[%mdl 8192]} (54. g6 Kh6 55. Kf6 Kh5 56. g7 Kg4 57. Ke5 Kg3 58. Ke4 Kf2 59. g8=Q) 54... bxa4 {KPP-KPP. Black mates.} 55. b5 a3 56. g6 a2 57. Kg5 a1=Q 58. Kh5 Qe5+ 59. Kg4 Qxb5 60. Kf4 Kxg6 61. Ke4 a5 62. Kf4 a4 63. Ke4 a3 64. Kf4 a2 65. Kg4 a1=Q 66. Kf4 Qaa4+ {Quite a comeback for Black. Accuracy: White = 87%, Black = 73%.} 0-1

[Event "Stay Safe Play From Home 202"]
[Site "T#646585Emanuel Laske"]
[Date "2020.06.05"]
[Round "5"]
[White "Rogan"]
[Black "XShot"]
[Result "0-1"]
[WhiteElo "2203"]
[BlackElo "2497"]
[Annotator "TA"]
[PlyCount "100"]
[EventDate "2020.06.05"]
[EventType "swiss (blitz)"]

{[%evp 9,100,17,29,29,41,44,59,55,90,57,90,20,56,19,21,16,16,16,18,20,25,-4,-4,-21,-27,-49,-18,-10,-10,-18,-4,-23,-10,-7,25,25,45,52,101,31,107,107,107,12,33,0,8,1,1,0,0,0,0,0,0,0,0,0,0,0,0,0,0,0,140,0,0,0,0,0,0,0,0,0,8,0,0,0,0,0,0,-8,0,0,0,0,0,-25,-25,-25,-25,-29990,-29991]} 1. d4 c6 2. c3 d6 3. Nf3 Nf6 4. Bg5 Bg4 {[#]} 5. e3 $146 ({Predecessor:} 5. Nbd2 e6 6. Qc2 h6 7. Bh4 d5 8. e3 Bf5 9. Bd3 Bxd3 10. Qxd3 Be7 11. O-O {1-0 (23) Sanchez Vigon,D (2201)-Garcia Martinez De la Hidalga,E (1510) Salobrena 2015}) 5... Bxf3 6. Qxf3 {A40: Unusual replies to 1 d4.} e6 7. Bd3 Be7 8. Nd2 {White is slightly better.} O-O 9. O-O a5 10. Ne4 (10. e4 $16) 10... Na6 11. Qh3 {[#] White wants to mate with Nxf6+.} Nxe4 $1 12. Bxe7 Qxe7 13. Bxe4 {[%csl Ge4][%cal Rh3h7]} f5 14. Bd3 d5 15. Bxa6 (15. Rae1 {is interesting.} a4 16. a3 Nc7 17. Qg3 c5 18. f3) 15... Rxa6 16. f4 Rb6 17. b3 a4 18. b4 Ra6 19. a3 b6 20. Rab1 Rc8 21. Rfc1 g6 22. c4 Raa8 23. Qf3 Qd6 24. h4 ({White should play} 24. c5 $16 Qd7 25. cxb6) 24... h5 ({Black should try} 24... c5 $14) 25. Qg3 $16 Kf7 26. Qg5 (26. c5 $16 bxc5 27. Rxc5 (27. bxc5 Qc7 $16)) 26... Qe7 27. Qg3 Rc7 28. Qf2 Rac8 29. Rc2 (29. c5 {feels hotter.} b5 30. g3 Rh8 31. Qc2 Rcc8 32. Kf2) 29... c5 30. bxc5 bxc5 31. cxd5 cxd4 32. dxe6+ Qxe6 33. Rxc7+ Rxc7 34. exd4 $11 {[%mdl 4096] Endgame KQR-KQR} Qe4 35. Re1 Qd3 36. Qa2+ Qb3 (36... Rc4 $11) 37. Qxb3+ (37. Qe2 $16 {White threatens Qe8+ and mate.} Qd5 38. Qe8+ Kg7 39. Qxa4) 37... axb3 $16 {KR-KR} 38. Rb1 Rc3 39. a4 Ke6 40. a5 Kd5 41. a6 Rc6 {aiming for ...Kc4.} 42. Rxb3 {Ra3 is the strong threat.} Rxa6 43. Rd3 Ke4 44. Rd1 Kxf4 45. Kf2 Rd6 46. g3+ Ke4 47. Kg2 Rxd4 48. Re1+ Kd5 49. Re8 Re4 50. Kh3 $2 {[%mdl 8192] [#]} (50. Ra8 $11) 50... Rxe8 {Accuracy: White = 69%, Black = 76%.} 0-1

[Event "Stay Safe Play From Home 202"]
[Site "T#646585Emanuel Laske"]
[Date "2020.06.05"]
[Round "5"]
[White "Castlingarrocco"]
[Black "SoulofWolf"]
[Result "0-1"]
[WhiteElo "2003"]
[BlackElo "2119"]
[Annotator "TA"]
[PlyCount "114"]
[EventDate "2020.06.05"]
[EventType "swiss (blitz)"]

{[%evp 9,114,-33,-23,-39,8,-3,10,0,13,0,0,0,17,-13,35,17,66,67,56,52,75,0,16,-48,0,-169,136,-121,38,-170,-157,-157,-159,-261,-246,-510,-497,-462,-372,-2691,208,206,214,16,60,-111,-112,-398,-421,-866,-840,-934,-41,-33,-66,-1616,-264,-1753,-244,-214,-20,-188,31,8,0,-256,-186,-377,-351,-589,-564,-29956,-29946,-1797,-1364,-1364,-989,-29991,-284,-316,-287,-950,-334,-4133,-632,-600,-613,-568,-463,-4133,-413,-422,-332,-519,-412,-625,-429,-429,-414,-568,-564,-565,-558,-571,-537,-526,-408]} 1. Nc3 d5 2. e4 e6 3. Nf3 d4 4. Ne2 c5 5. Ng3 Nc6 6. Bc4 {C00: French: Unusual White 2nd moves.} g6 7. d3 Bg7 {[#]} (7... b5 $5 8. Bb3 $8 Bg7 $11) 8. Qe2 $146 {The position is equal.} ({Predecessor:} 8. Bd2 Nge7 9. Qe2 Bd7 10. O-O Na5 11. Bb3 Nxb3 12. axb3 O-O 13. Ne1 a5 14. f4 {½-½ (29) Le Bled,P-Larramendy,P Elancourt 2003}) 8... h6 9. h3 Nge7 10. O-O a6 11. Nh2 O-O 12. a3 Kh7 13. f4 b5 14. Ba2 f5 15. exf5 (15. Nf3 $16) 15... exf5 16. Nf3 (16. h4 $11) 16... Re8 17. Ne5 $2 (17. Re1 $11) 17... Qc7 $2 (17... Nxe5 $19 18. fxe5 Nd5) 18. Qf2 $2 {[%mdl 8192]} (18. Nxg6 $1 $16 {is necessary to keep the advantage. Threatens to win with Bf7.} Bd7 19. Nxe7 Rxe7 20. Qf3) 18... Bb7 $2 (18... Nxe5 $17 19. fxe5 Nc6) 19. Nxc6 $2 (19. Nf3 $1 $14 {was the only good move.}) 19... Qxc6 $19 (19... Nxc6 20. Bd2 $17) 20. Bd2 c4 21. Rae1 (21. Rfe1 $17 {was worth a try.}) 21... Nd5 22. Re5 $2 (22. dxc4 {was forced.} bxc4 23. Rxe8 Rxe8 24. Kh2) 22... Bxe5 23. fxe5 Rxe5 24. Qf4 $2 (24. Ne2 Ne3 {[%mdl 64] Discovered Attack} 25. Nxd4 Qxg2+ 26. Qxg2 Nxg2 27. dxc4) 24... Nf6 $4 {[%mdl 8192]} (24... Nxf4 $19 {[%csl Gb7,Gf4][%cal Rc6g2] and life is good for Black.} 25. Rf2 Nxg2 26. dxc4 bxc4) 25. Qxh6+ $18 Kg8 {[%csl Gb7][%cal Rc6g2]} 26. Rf2 $2 (26. Qxg6+ $18 Kh8 27. Qh6+ (27. Nxf5 Qxg2+ 28. Qxg2 Bxg2 $14) 27... Nh7 28. Qxc6 Bxc6 29. Bf4 (29. Nxf5 Re2 $16) (29. Rxf5 Rxf5 30. Nxf5 Bd5 $16) (29. dxc4 bxc4 30. Bf4 Rc5 $18)) 26... Nh7 27. Bf4 $2 (27. dxc4 $14 {stays ahead.} bxc4 28. c3) 27... Re6 $17 28. h4 $2 {[%mdl 8192]} (28. Bd2 $17 {was necessary.}) 28... g5 $19 29. Qh5 (29. Nxf5 $142 Rxh6 30. Ne7+ Kf7 31. Nxc6 Rxc6 32. dxc4 bxc4 33. Bxg5+ Kg6 34. Bd2) 29... gxf4 30. Nxf5 Qe8 $2 (30... Kh8 $19 31. Re2 Rxe2 32. Qxe2 Rg8 $1 {[%mdl 512]}) 31. Qg4+ $15 Rg6 {[#]} 32. Qxf4 $2 {[%mdl 8192]} (32. Qxg6+ $1 $15 {[%mdl 512]} Qxg6 33. Ne7+ Kg7 34. Nxg6 Kxg6 35. Rxf4) 32... Kh8 $2 (32... Qe1+ 33. Kh2 Nf6) 33. dxc4 $2 (33. Qxd4+ Rf6 34. Qg4) 33... bxc4 $2 (33... Qe1+ 34. Kh2 Rag8) 34. Bxc4 $19 Rc8 $2 ({Better is} 34... Qe4 $19 {[%cal Rg6g2]} 35. Qd2 Rf8) 35. Bf1 $2 (35. Qxd4+ $11 Rf6 36. Nd6 Rxc4 37. Nxe8 Rxd4 38. Nxf6 Rxh4 39. Nd7) 35... Qf7 $2 ({Black should play} 35... Rd8 $19 {Strongly threatening ...Qe4.} 36. Nxd4 Rf6) 36. Qxd4+ Qf6 $1 {[%cal Rf6d4]} 37. Qf4 $2 {[%mdl 8192]} (37. Qb4 $1 $11 {and White stays safe.} Rc7 38. h5) 37... Rcg8 38. g3 $2 (38. c3) 38... Bc8 39. Bd3 $2 (39. Kh2) 39... Bxf5 40. Bxf5 Rxg3+ 41. Kf1 Rg1+ 42. Ke2 Qe7+ 43. Qe3 {[#]} Qxe3+ $2 (43... Re1+ $1 {[%mdl 512] mates} 44. Kd3 (44. Kxe1 Qxe3+) 44... Qxe3+ 45. Kc4 Qxf2 46. Bd3 Qf7+ 47. Kc3 Qf6+ 48. Kc4 Qxb2 49. Bf5 Rd8 50. a4 Re3 51. Bd3 Rc8+ 52. Kd5 Qe5#) 44. Kxe3 Re8+ 45. Kf4 $2 (45. Kd4) 45... Rgg8 $2 (45... Nf6 {( -> ...Nd5+)} 46. Kf3 Nh5) 46. Bxh7 $2 {[%mdl 4096] Endgame KRR-KRB} (46. Kf3) 46... Ref8+ (46... Rgf8+ $142 47. Bf5 {[#]} Rxf5+ $1 {[%mdl 512]} 48. Kxf5 Rf8+ 49. Ke4 Rxf2) 47. Ke3 Kxh7 48. Rd2 Re8+ 49. Kd3 (49. Kf4 $142) 49... Rgf8 (49... Rd8+ $142 50. Kc3 Rc8+ 51. Kb3 Rc6) 50. Kc3 Rf7 51. Rd5 (51. b3 {is the only way for White.}) 51... Kg7 52. Rh5 (52. Kb3 $142) 52... Ree7 53. Rg5+ Kf8 54. Rh5 Rb7 {Black is clearly winning.} 55. Rh8+ Ke7 56. Rh5 Rc7+ 57. Kb3 Rf6 {What a bad dream for White. Accuracy: White = 21%, Black = 38%.} 0-1

[Event "Stay Safe Play From Home 202"]
[Site "T#646585Emanuel Laske"]
[Date "2020.06.05"]
[Round "5"]
[White "SecantFX"]
[Black "Trotsky"]
[Result "1/2-1/2"]
[WhiteElo "1859"]
[BlackElo "1612"]
[Annotator "NA RC"]
[PlyCount "62"]
[EventDate "2020.06.05"]
[EventType "swiss (blitz)"]

1. g3 {[%emt 0:00:03]} c5 {[%emt 0:00:03]} 2. Bg2 {[%emt 0:00:00]} Nc6 {[%emt 0:00:02]} 3. f4 {[%emt 0:00:00]} e6 {[%emt 0:00:00]} 4. Nf3 {[%emt 0:00:00]} d6 {[%emt 0:00:01]} 5. c3 {[%emt 0:00:00]} Qc7 {[%emt 0:00:01]} 6. e3 {[%emt 0:00:00]} b6 {[%emt 0:00:00]} 7. O-O {[%emt 0:00:00]} Bb7 {[%emt 0:00:00]} 8. d4 {[%emt 0:00:00]} cxd4 {[%emt 0:00:02]} 9. exd4 {[%emt 0:00:00]} Rd8 {[%emt 0:00:01]} 10. Nbd2 {[%emt 0:00:00]} Nf6 {[%emt 0:00:01]} 11. Re1 {[%emt 0:00:00]} Be7 {[%emt 0:00:00]} 12. Qe2 {[%emt 0:00:01]} O-O {[%emt 0:00:01]} 13. Ng5 {[%emt 0:00:01]} Kh8 {[%emt 0:00:01]} 14. Nxe6 {[%emt 0:00:01]} fxe6 {[%emt 0:00:01]} 15. Qxe6 {[%emt 0:00:00]} Bc8 {[%emt 0:00:02]} 16. Qb3 {[%emt 0:00:06]} Ng4 {[%emt 0:00:04]} 17. h3 {[%emt 0:00:02]} Nf6 {[%emt 0:00:02]} 18. Qb5 {[%emt 0:00:01]} Bb7 {[%emt 0:00:02]} 19. Ne4 {[%emt 0:00:03]} d5 {[%emt 0:00:01]} 20. Nxf6 {[%emt 0:00:01]} gxf6 {[%emt 0:00:01]} 21. Re6 {[%emt 0:00:02]} Rg8 {[%emt 0:00:01]} 22. Bxd5 {[%emt 0:00:02]} Rxg3+ {[%emt 0:00:01]} 23. Kh2 {[%emt 0:00:02]} Rdg8 {[%emt 0:00:01]} 24. Bd2 {[%emt 0:00:05]} Bd6 {[%emt 0:00:01]} 25. Rf1 {[%emt 0:00:02]} Bxf4 {[%emt 0:00:01]} 26. Bxf4 {[%emt 0:00:01]} Qg7 {[%emt 0:00:10]} 27. Rxc6 {[%emt 0:00:06]} Rg2+ {[%emt 0:00:04]} 28. Kh1 {[%emt 0:00:06]} Rg1+ {[%emt 0:00:01]} 29. Kh2 {[%emt 0:00:02]} Rg2+ {[%emt 0:00:01]} 30. Kh1 {[%emt 0:00:01]} Rg1+ {[%emt 0:00:02]} 31. Kh2 {[%emt 0:00:01]} Rg2+ {[%emt 0:00:03] (Lag: Av=0.32s, max=0.6s)} 1/2-1/2

[Event "Stay Safe Play From Home 202"]
[Site "T#646585Emanuel Laske"]
[Date "2020.06.05"]
[Round "5"]
[White "Leauacristi"]
[Black "Cubail"]
[Result "1-0"]
[WhiteElo "1767"]
[BlackElo "1364"]
[Annotator "NA RC"]
[PlyCount "43"]
[EventDate "2020.06.05"]
[EventType "swiss (blitz)"]

1. e4 {[%emt 0:00:01]} f5 {[%emt 0:00:01]} 2. exf5 {[%emt 0:00:01]} Nf6 {[%emt 0:00:01]} 3. Bc4 {[%emt 0:00:01]} d5 {[%emt 0:00:01]} 4. Bb3 {[%emt 0:00:01]} Bxf5 {[%emt 0:00:03]} 5. d4 {[%emt 0:00:01]} e6 {[%emt 0:00:01]} 6. Nf3 {[%emt 0:00:01]} a5 {[%emt 0:00:02]} 7. c3 {[%emt 0:00:01]} c6 {[%emt 0:00:01]} 8. O-O {[%emt 0:00:01]} Bd6 {[%emt 0:00:01]} 9. Re1 {[%emt 0:00:01]} Nbd7 {[%emt 0:00:02]} 10. h3 {[%emt 0:00:01]} O-O {[%emt 0:00:04]} 11. Nh4 {[%emt 0:00:02]} Bxb1 {[%emt 0:00:07]} 12. Rxb1 {[%emt 0:00:02]} Ne4 {[%emt 0:00:01]} 13. Be3 {[%emt 0:00:04]} Qxh4 {[%emt 0:00:04]} 14. Bc2 {[%emt 0:00:02]} Nxf2 {[%emt 0:00:01]} 15. Qe2 {[%emt 0:00:03]} Nxh3+ {[%emt 0:00:02]} 16. gxh3 {[%emt 0:00:01]} Qxh3 {[%emt 0:00:03]} 17. Qg2 {[%emt 0:00:01]} Qh5 {[%emt 0:00:08]} 18. Bd1 {[%emt 0:00:02]} Qf5 {[%emt 0:00:04]} 19. Bg4 {[%emt 0:00:02]} Qg6 {[%emt 0:00:06]} 20. Bd2 {[%emt 0:00:03]} Kh8 {[%emt 0:00:06]} 21. Bxe6 {[%emt 0:00:04]} Nf6 {[%emt 0:00:01]} 22. Qxg6 {[%emt 0:00:02] Time (Lag: Av=0.44s, max=1.0s)} 1-0